Jim Croce Songs Quiz - Statistics

General Stats
  • This quiz has been taken 38 times
  • The average score is 35 of 117
Answer Stats
Year Album Song % Correct
1972 You Don't Mess Around with Jim Time in a Bottle
93%
Lost Time in a Bottle Time in a Bottle
93%
1973 I Got a Name I Got a Name
89%
Lost Time in a Bottle I Got a Name
89%
Lost Time in a Bottle Operator
85%
1972 You Don't Mess Around with Jim Operator (That's Not the Way It Feels)
85%
The Final Tour Operator (That's Not the Way It Feels)
85%
1973 Life and Times Bad, Bad Leroy Brown
81%
Lost Time in a Bottle Bad, Bad Leroy Brown
81%
1972 You Don't Mess Around with Jim You Don't Mess Around with Jim
81%
Lost Time in a Bottle You Don't Mess Around With Jim
81%
The Final Tour You Don't Mess Around with Jim
81%
1972 You Don't Mess Around with Jim New York's Not My Home
78%
Lost Time in a Bottle New York's Not My Home
78%
The Final Tour New York's Not My Home
78%
1973 I Got a Name I'll Have to Say I Love You in a Song
74%
1972 You Don't Mess Around with Jim Photographs and Memories
63%
1973 Life and Times One Less Set of Footsteps
59%
Lost Time in a Bottle One Less Set of Footsteps
59%
1972 You Don't Mess Around with Jim Walkin' Back to Georgia
59%
1973 I Got a Name Workin' at the Car Wash Blues
59%
1973 I Got a Name Lover's Cross
56%
1972 You Don't Mess Around with Jim Rapid Roy (The Stock Car Boy)
56%
1973 Life and Times Roller Derby Queen
56%
Lost Time in a Bottle Roller Derby Queen
56%
The Final Tour Roller Derby Queen
56%
1972 You Don't Mess Around with Jim Box No. 10
52%
1973 Life and Times Alabama Rain
44%
1973 Life and Times These Dreams
44%
The Final Tour These Dreams
44%
1969 Jim & Ingrid Croce Age
37%
1973 I Got a Name Age
37%
1972 You Don't Mess Around with Jim Hard Time Losin' Man
37%
Lost Time in a Bottle Hard Time Losin' Man
37%
The Final Tour Hard Time Losin' Man
37%
1973 Life and Times It Doesn't Have to Be That Way
37%
Lost Time in a Bottle It Doesn't Have to Be That Way
37%
The Final Tour It Doesn't Have to Be That Way
37%
1973 Life and Times Speedball Tucker
37%
Lost Time in a Bottle Speedball Tucker
37%
The Final Tour Speedball Tucker
37%
1973 I Got a Name Thursday
37%
1972 You Don't Mess Around with Jim Tomorrow's Gonna Be a Brighter Day
37%
1972 You Don't Mess Around with Jim Hey Tomorrow
33%
1972 You Don't Mess Around with Jim A Long Time Ago
30%
1973 I Got a Name Top Hat Bar and Grille
30%
1973 Life and Times A Good Time Man Like Me Ain't Got No Business (Singin' the Blues)
26%
1973 Life and Times Careful Man
26%
Lost Time in a Bottle Careful Man
26%
The Final Tour Careful Man
26%
1972 Bonus Tracks Chain Gang Medley
26%
1973 Life and Times Next Time, This Time
26%
Lost Time in a Bottle Next Time, This Time
26%
The Final Tour Next Time, This Time
26%
1973 I Got a Name Recently
26%
1973 I Got a Name Salon and Saloon
26%
Lost Time in a Bottle A Good Time Man Like Me
22%
1966 Facets Big Fat Woman
22%
1973 Life and Times Dreamin' Again
22%
Lost Time in a Bottle Dreamin' Again
22%
1973 I Got a Name Five Short Minutes
22%
1966 Facets The Ballad of Gunga Din
22%
1973 I Got a Name The Hard Way Every Time
19%
1966 Facets Coal Tattoo
15%
1966 Facets Maybe Tomorrow
15%
1972 Bonus Tracks Maybe Tomorrow
15%
1972 Bonus Tracks Ol' Man River
15%
1966 Facets Railroads and Riverboats
15%
1972 Bonus Tracks Railroads and Riverboats
15%
1966 Facets Steel Rail Blues
15%
The Final Tour Ball of Kirriemuir
11%
1966 Facets Child of Midnight
11%
1972 Bonus Tracks Child of Midnight
11%
1972 Bonus Tracks Cotton Mouth River
11%
1966 Facets Hard Times Be Over
11%
Lost Time in a Bottle La Bamba
11%
1972 Bonus Tracks Mississippi Lady
11%
1966 Facets Pa (Song for a Grandfather)
11%
1969 Jim & Ingrid Croce Spin, Spin, Spin
11%
1966 Facets Texas Rodeo
11%
1972 Bonus Tracks Which Way Are You Going
11%
1969 Jim & Ingrid Croce Big Wheel
7%
1966 Facets Charley Green, Play That Slide Trombone
7%
Lost Time in a Bottle Charley Green, Play That Slide Trombone
7%
1972 Bonus Tracks Country Girl
7%
1966 Facets It's All Over, Mary Ann
7%
1966 Facets Railroad Song
7%
1972 Bonus Tracks Railroad Song
7%
1966 Facets Running Maggie
7%
Lost Time in a Bottle San Francisco Bay Blues
7%
Lost Time in a Bottle Seek and You Shall Find
7%
Lost Time in a Bottle Seems Like Such a Long Time Ago
7%
The Final Tour Shopping For Clothes
7%
1972 Bonus Tracks Stone Walls
7%
1966 Facets Sun Come Up
7%
1966 Facets The Blizzard
7%
1969 Jim & Ingrid Croce Vespers
7%
1969 Jim & Ingrid Croce What the Hell
7%
1972 Bonus Tracks (And) I Remember Her
4%
1969 Jim & Ingrid Croce Another Day, Another Town
4%
1966 Facets Hard Hearted Hannah (The Vamp of Savannah)
4%
1969 Jim & Ingrid Croce I Am Who I Am
4%
1969 Jim & Ingrid Croce Just Another Day
4%
1972 Bonus Tracks King's Song
4%
1972 Bonus Tracks More Than That Tomorrow
4%
1969 Jim & Ingrid Croce The Man That Is Me
4%
1972 Bonus Tracks (The) Migrant Worker
4%
1969 Jim & Ingrid Croce The Next Man That I Marry
4%
1966 Facets Until It's Time for Me to Go
4%
Lost Time in a Bottle Washington at Valley Forge
4%
1969 Jim & Ingrid Croce What Do People Do
4%
Lost Time in a Bottle Woke up This Morning
4%
1972 Bonus Tracks Can't Wait
0%
1972 Bonus Tracks Carnival of Pride
0%
1972 Bonus Tracks Circle of Style
0%
1972 Bonus Tracks The Way We Used to Be
0%
1972 Bonus Tracks Wear Out the Turnpike
0%
No matching quizzes found
Score Distribution
Percent of People with Each Score
Percentile by Number Answered
Your Score History
You have not taken this quiz